000
00387cam a2200181ua 4500
020
_c
Rs.o.75
041
_a
mal
_h
082
_a
894.812301
_b
BAL/VE
100
_a
Balzac, .
245
_a
Verukkappettaval
260
_a
Qulion :
_b
M.S. book Dept ,
_c
1960.
300
_a
52 ; .
365
_a
Rs.o.75
504
_a
650
_a
Story
942
_c
BK
999
_c
169
_d
169